Film di Aldo, Giovanni e Giacomo - Statistics

Statistiche generali
  • Questo quiz è stato fatto 931 volte
    123 dall'ultimo reset
  • Il punteggio medio è 8 su 12
Statistiche sulle risposte
Anno Film % Corretto
1997 Tre uomini e una gamba
100%
2000 Chiedimi se sono felice
83%
2004 Tu la conosci Claudia?
79%
2010 La banda dei Babbi Natale
73%
2002 La leggenda di Al, John e Jack
73%
2016 Fuga da Reuma Park
66%
1998 Così è la vita
62%
2008 Il cosmo sul comò
62%
2020 Odio l’estate
61%
2014 Il ricco, il povero e il maggiordomo
56%
2022 Il grande giorno
52%
2025 (documentario) Attitudini: nessuna
31%
Nessun quiz corrispondente trovato
Distribuzione punteggi
Percentuale di utenti per punteggio
Percentile per numero di risposta
I tuoi punteggi nel tempo
Non hai fatto questo quiz dall'ultimo reset